[Event "82° Final Argentina Superior"]
[Site "Mendoza"]
[Date "2008.05.24"]
[Round "5"]
[White "Felgaer, Ruben"]
[Black "Real De Azua, Ernesto"]
[Result "1-0"]
[WhiteElo "2574"]
[BlackElo "2417"]
[PlyCount "95"]
[EventDate "2008.05.20"]
[SourceDate "2008.05.20"]

1. e4 c5 2. Nc3 Nc6 3. Nf3 d6 4. d4 cxd4 5. Nxd4 Nf6 6. Bg5 e6 7. Qd2 a6 8.
O-O-O Bd7 9. f4 h6 10. Bh4 Nxe4 11. Qe1 Nf6 12. Nf5 Qa5 13. Nxd6+ Bxd6 14. Rxd6
Qc7 15. Qd2 O-O-O 16. Bf2 Ne8 17. Rd3 Nb4 18. Rd4 Nc6 19. Rd3 Nb4 20. Rd4 Nc6
21. Re4 Nf6 22. Rc4 e5 23. Bd3 exf4 24. Qxf4 Qxf4+ 25. Rxf4 Ne5 26. Bf5 Bxf5
27. Rxf5 Nfd7 28. Bg3 f6 29. Ne4 Kc7 30. Rd1 Rhe8 31. Rf3 Nb8 32. Rxd8 Rxd8 33.
Bxe5+ fxe5 34. Rg3 g5 35. Rh3 Rd4 36. Nc5 Kb6 37. Nd3 Nc6 38. Rxh6 e4 39. Ne5
e3 40. Re6 Rf4 41. Nf3 g4 42. Ne1 Rf2 43. Rxe3 Nd4 44. Re4 Ne2+ 45. Kd1 Nf4 46.
g3 Nd5 47. Re2 Rf5 48. Nd3 1-0

[Event "82° Final Argentina Superior"]
[Site "Mendoza"]
[Date "2008.05.24"]
[Round "5"]
[White "Ricardi, Pablo"]
[Black "Salguero, Francisco"]
[Result "1/2-1/2"]
[WhiteElo "2515"]
[BlackElo "2320"]
[PlyCount "102"]
[EventDate "2008.05.20"]
[SourceDate "2008.05.20"]

1. Nf3 Nf6 2. g3 g6 3. b4 Bg7 4. Bb2 O-O 5. Bg2 d6 6. c4 e5 7. O-O Nh5 8. Qb3
a5 9. bxa5 Nc6 10. d3 Rxa5 11. Nc3 b6 12. Nb5 Be6 13. Nd2 Nd4 14. Bxd4 exd4 15.
Qc2 c6 16. Nb3 cxb5 17. Nxa5 bxa5 18. cxb5 Nf6 19. Rab1 Nd7 20. Qc6 Bxa2 21.
Rb2 Be6 22. b6 Nc5 23. b7 Qb8 24. Ra1 a4 25. Rb4 Bd7 26. Qb6 Bf6 27. Rc4 Bd8
28. Qb2 Bf6 29. Rb4 Re8 30. Rb6 Nb3 31. Rxb3 axb3 32. Qxb3 Qc7 33. Bd5 Rb8 34.
Bxf7+ Kg7 35. Bd5 Qc3 36. Qd1 Qc7 37. Rc1 Qd8 38. Qb3 Qa5 39. Kg2 h5 40. h4 Bd8
41. Bf3 Bb6 42. Rb1 Bc7 43. Qb2 Qc3 44. Qa2 Kf6 45. Rb2 Be6 46. Qb1 Ba5 47. Rc2
Qb4 48. Rb2 Qe1 49. Qc2 Qc3 50. Qb1 Qe1 51. Qc2 Qc3 1/2-1/2

[Event "82° Final Argentina Superior"]
[Site "Mendoza"]
[Date "2008.05.24"]
[Round "5"]
[White "Alonso, Salvador"]
[Black "Liascovich, Lucas"]
[Result "1/2-1/2"]
[WhiteElo "2420"]
[BlackElo "2419"]
[PlyCount "80"]
[EventDate "2008.05.20"]
[SourceDate "2008.05.20"]

1. e4 e5 2. Nf3 Nc6 3. Bb5 a6 4. Ba4 Nf6 5. O-O b5 6. Bb3 Bb7 7. d3 Bc5 8. Nc3
d6 9. a3 h6 10. Nd5 Nb8 11. Ne3 g6 12. h3 Nbd7 13. Nh2 Qe7 14. a4 Bb6 15. axb5
axb5 16. Rxa8+ Bxa8 17. Kh1 Nc5 18. Ba2 Ne6 19. Nd5 Nxd5 20. exd5 Nd4 21. Be3
c5 22. dxc6 Bxc6 23. c3 Qb7 24. cxd4 Bxg2+ 25. Kg1 Bxh3 26. Qf3 Qxf3 27. Nxf3
Bxf1 28. Kxf1 f6 29. Nh4 g5 30. Nf5 Bc7 31. Be6 h5 32. d5 h4 33. Kg2 Bb8 34. d4
e4 35. Bd2 h3+ 36. Kh2 Kd8 37. Ba5+ Bc7 38. Bb4 Rh7 39. Ba3 g4 40. Ne3 Bb6
1/2-1/2

[Event "82° Final Argentina Superior"]
[Site "Mendoza"]
[Date "2008.05.25"]
[Round "6"]
[White "Lemos, Damian"]
[Black "Liascovich, Lucas"]
[Result "1/2-1/2"]
[WhiteElo "2458"]
[BlackElo "2419"]
[PlyCount "88"]
[EventDate "2008.05.20"]
[SourceDate "2008.05.20"]

1. d4 d5 2. Nf3 Nf6 3. c4 dxc4 4. e3 Bg4 5. Bxc4 e6 6. h3 Bh5 7. O-O a6 8. Re1
Nc6 9. Nbd2 Bd6 10. Be2 O-O 11. b3 e5 12. Bb2 Re8 13. dxe5 Nxe5 14. Nxe5 Bxe5
15. Bxe5 Rxe5 16. Bxh5 Rxh5 17. Ne4 Qxd1 18. Nxf6+ gxf6 19. Rexd1 Rc5 20. Rac1
Rxc1 21. Rxc1 Rc8 22. Rc5 c6 23. Kf1 b6 24. Rc4 c5 25. b4 Kf8 26. Ke2 Ke7 27.
bxc5 b5 28. Rc2 a5 29. Kd3 Kd7 30. Ke4 Re8+ 31. Kf5 Re6 32. Kg4 Kc6 33. Kh5 f5
34. Kg5 b4 35. Kxf5 a4 36. e4 Kb5 37. f4 b3 38. axb3 axb3 39. Rc1 Rc6 40. e5
Kb4 41. g4 b2 42. Rb1 Kc3 43. Ke4 Rxc5 44. f5 Kc2 1/2-1/2

[Event "82° Final Argentina Superior"]
[Site "Mendoza"]
[Date "2008.05.25"]
[Round "6"]
[White "Salguero, Francisco"]
[Black "Alonso, Salvador"]
[Result "1/2-1/2"]
[WhiteElo "2320"]
[BlackElo "2420"]
[PlyCount "33"]
[EventDate "2008.05.20"]
[SourceDate "2008.05.20"]

1. Nf3 Nf6 2. c4 c6 3. d4 d5 4. Nc3 dxc4 5. a4 Bf5 6. e3 e6 7. Bxc4 Bb4 8. O-O
O-O 9. Qe2 Bg6 10. Ne5 Nbd7 11. Nxg6 hxg6 12. Rd1 Qe7 13. e4 e5 14. d5 a5 15.
Bg5 Rac8 16. Rd3 Nc5 17. Rg3 1/2-1/2

[Event "82° Final Argentina Superior"]
[Site "Mendoza"]
[Date "2008.05.25"]
[Round "6"]
[White "Real De Azua, Ernesto"]
[Black "Ricardi, Pablo"]
[Result "0-1"]
[WhiteElo "2417"]
[BlackElo "2515"]
[PlyCount "104"]
[EventDate "2008.05.20"]
[SourceDate "2008.05.20"]

1. e4 c5 2. Nf3 d6 3. d4 cxd4 4. Nxd4 Nf6 5. Nc3 a6 6. Be3 e5 7. Nde2 Be7 8.
Ng3 Be6 9. Be2 g6 10. f4 exf4 11. Bxf4 Nc6 12. Qd2 Rc8 13. O-O Ne5 14. Kh1 h5
15. Bd3 h4 16. Nge2 h3 17. g3 Bg4 18. Qe3 Rh5 19. Nd4 Qb6 20. Nf5 Qxe3 21. Nxe3
Be6 22. Be2 Rh8 23. Rad1 Nfd7 24. Ned5 Bd8 25. Be3 Ba5 26. Bd4 Bxd5 27. exd5
Bb6 28. Bxb6 Nxb6 29. Rf4 Nbd7 30. Bf1 Ke7 31. Rd2 f5 32. Rh4 Rxh4 33. gxh4 Rh8
34. Rd4 Nf3 35. Rf4 Nde5 36. Be2 Nxh4 37. Rb4 b5 38. a4 g5 39. axb5 axb5 40.
Nxb5 Ra8 41. Na3 f4 42. Kg1 Nhf3+ 43. Kh1 Kf6 44. Rb6 Nd2 45. Kg1 f3 46. Bf1
Ne4 47. Bxh3 f2+ 48. Kf1 Nf3 49. Bg2 g4 50. Bxf3 gxf3 51. Rb4 Kf5 52. Rd4 Rg8
0-1

[Event "82° Final Argentina Superior"]
[Site "Mendoza"]
[Date "2008.05.25"]
[Round "6"]
[White "Flores, Diego"]
[Black "Felgaer, Ruben"]
[Result "0-1"]
[WhiteElo "2548"]
[BlackElo "2574"]
[PlyCount "50"]
[EventDate "2008.05.20"]
[SourceDate "2008.05.20"]

1. c4 e5 2. e3 Nf6 3. Nc3 Nc6 4. Nf3 Bb4 5. Nd5 e4 6. Ng1 O-O 7. Qc2 Re8 8. Ne2
b5 9. Ng3 Bb7 10. a3 Bd6 11. b3 Ne5 12. Bb2 bxc4 13. bxc4 Nxd5 14. cxd5 Bxd5
15. Nxe4 Rb8 16. Nxd6 cxd6 17. Bc3 Qh4 18. h3 Ng4 19. Qf5 Nxe3 20. dxe3 Rxe3+
21. Kd2 Rxc3 22. Qxd5 Rc5 23. Qd3 Rb2+ 24. Kd1 Qa4+ 25. Ke1 Qa5+ 0-1

[Event "82° Final Argentina Superior"]
[Site "Mendoza"]
[Date "2008.05.25"]
[Round "6"]
[White "Valerga, Diego"]
[Black "Luconi, Cristian"]
[Result "1-0"]
[WhiteElo "2482"]
[BlackElo "2306"]
[PlyCount "45"]
[EventDate "2008.05.20"]
[SourceDate "2008.05.20"]

1. e4 d5 2. exd5 Nf6 3. d4 Nxd5 4. Nf3 g6 5. c4 Nb6 6. Nc3 Bg7 7. h3 Nc6 8. Be3
O-O 9. Be2 e5 10. d5 Ne7 11. g4 e4 12. Nxe4 f5 13. Nc3 fxg4 14. hxg4 Rxf3 15.
Bxf3 Nxc4 16. Qb3 Nxe3 17. d6+ N3d5 18. dxe7 Qxe7+ 19. Kf1 c6 20. Re1 Qf8 21.
Nxd5 cxd5 22. Qxd5+ Kh8 23. Kg2 1-0

[Event "82° Final Argentina Superior"]
[Site "Mendoza"]
[Date "2008.05.25"]
[Round "6"]
[White "Mahia, Gustavo"]
[Black "Peralta, Fernando"]
[Result "1/2-1/2"]
[WhiteElo "2433"]
[BlackElo "2546"]
[PlyCount "72"]
[EventDate "2008.05.20"]
[SourceDate "2008.05.20"]

1. e4 d6 2. d4 Nf6 3. Nc3 g6 4. Nf3 Bg7 5. Be2 O-O 6. O-O c6 7. Bg5 b5 8. a3
Nbd7 9. e5 Ne8 10. exd6 Nxd6 11. Re1 Bb7 12. Bf1 Nf6 13. Qd2 Re8 14. Bh6 Bh8
15. Bf4 a5 16. Be5 Bg7 17. Rad1 Qb6 18. Qf4 Nh5 19. Qc1 Nf6 20. Qf4 Nh5 21. Qc1
Rad8 22. Bxg7 Nxg7 23. b4 Bc8 24. h3 Be6 25. Ne2 Bc4 26. c3 axb4 27. axb4 Ra8
28. Nf4 Bxf1 29. Kxf1 Nc4 30. Nd3 Qd8 31. Nfe5 Nxe5 32. Rxe5 f6 33. Re2 Qd5 34.
Kg1 Qc4 35. Ree1 Ra2 36. Nc5 Nf5 1/2-1/2

[Event "82° Final Argentina Superior"]
[Site "Mendoza"]
[Date "2008.05.26"]
[Round "7"]
[White "Peralta, Fernando"]
[Black "Lemos, Damian"]
[Result "1-0"]
[WhiteElo "2546"]
[BlackElo "2458"]
[PlyCount "165"]
[EventDate "2008.05.20"]
[SourceDate "2008.05.20"]

1. d4 Nf6 2. c4 g6 3. Nc3 Bg7 4. e4 d6 5. Nf3 O-O 6. Be2 e5 7. O-O Na6 8. Be3
Ng4 9. Bg5 Qe8 10. Re1 exd4 11. Nd5 h6 12. Be7 c6 13. Bxf8 Qxf8 14. Nf4 c5 15.
Nd5 Bd7 16. a3 Qd8 17. Rf1 Nc7 18. Nd2 h5 19. h3 Nf6 20. Nxc7 Qxc7 21. f4 Re8
22. Bd3 Bc6 23. Qf3 Nxe4 24. Bxe4 Rxe4 25. Nxe4 f5 26. Rae1 fxe4 27. Rxe4 Qf7
28. Qe2 d5 29. Re7 d3 30. Rxf7 Bd4+ 31. Qf2 Bxf2+ 32. Kxf2 Kxf7 33. cxd5 Bxd5
34. Re1 c4 35. Re5 Be6 36. Rc5 Kf6 37. Rc7 Bd5 38. g3 Ke6 39. Ke3 a6 40. g4
hxg4 41. hxg4 Kf6 42. Rc5 Ke6 43. Rc7 Kf6 44. a4 Ke6 45. a5 Kf6 46. Rh7 Bc6 47.
Rh8 Ke6 48. Rg8 Kf7 49. Rd8 Ke6 50. Kd2 Bf3 51. Rg8 Bxg4 52. Rxg6+ Kf5 53. Rg7
Bf3 54. Ke3 Bc6 55. Re7 Kg6 56. Re5 Kf6 57. Rc5 Bb5 58. Kd2 Ke6 59. Kc3 Kf6 60.
Re5 Kf7 61. Rh5 Kg6 62. Rc5 Kf6 63. Kd2 Ke6 64. Ke3 Kf6 65. Rd5 Ke6 66. Rd8 Ke7
67. Rg8 Kf7 68. Rh8 Ke6 69. Rh7 Bc6 70. Rh5 Bb5 71. Rg5 Kf6 72. Rc5 Ke6 73. Rc8
Bc6 74. Rd8 Bb5 75. Rd4 Kf6 76. Kd2 Ke6 77. Kc3 Kf5 78. Kb4 Bc6 79. Kxc4 d2 80.
Rxd2 Kxf4 81. Kd4 Bh1 82. Rf2+ Kg3 83. Rf7 1-0

[Event "82° Final Argentina Superior"]
[Site "Mendoza"]
[Date "2008.05.26"]
[Round "7"]
[White "Luconi, Cristian"]
[Black "Mahia, Gustavo"]
[Result "0-1"]
[WhiteElo "2306"]
[BlackElo "2433"]
[PlyCount "70"]
[EventDate "2008.05.20"]
[SourceDate "2008.05.20"]

1. d4 f5 2. Nf3 Nf6 3. Bg5 Ne4 4. h4 c6 5. Nbd2 g6 6. e3 Bg7 7. Bd3 d5 8. Bf4
h6 9. Ne5 Bxe5 10. Bxe5 O-O 11. Nf3 Nd7 12. Qe2 c5 13. c3 c4 14. Bc2 b5 15. a3
a5 16. Bf4 Kg7 17. Ne5 Nxe5 18. Bxe5+ Kh7 19. f3 Nd6 20. g4 Ra6 21. Kd2 Rb6 22.
Rag1 b4 23. gxf5 Bxf5 24. e4 bxc3+ 25. bxc3 dxe4 26. Bxd6 e3+ 27. Qxe3 Rb2 28.
Rc1 exd6 29. h5 g5 30. Rhe1 Qf6 31. Qe7+ Rf7 32. Qxf6 Rxf6 33. Re3 g4 34. f4
Kg7 35. Kd1 Kf7 {Caida de bandera.} 0-1

[Event "82° Final Argentina Superior"]
[Site "Mendoza"]
[Date "2008.05.26"]
[Round "7"]
[White "Felgaer, Ruben"]
[Black "Valerga, Diego"]
[Result "1/2-1/2"]
[WhiteElo "2574"]
[BlackElo "2482"]
[PlyCount "65"]
[EventDate "2008.05.20"]
[SourceDate "2008.05.20"]

1. e4 c5 2. Nf3 e6 3. Nc3 d6 4. d4 cxd4 5. Nxd4 Nf6 6. Be2 Be7 7. O-O Nc6 8.
Be3 O-O 9. f4 e5 10. Nxc6 bxc6 11. Kh1 exf4 12. Bxf4 Qc7 13. Bc4 Bg4 14. Qd3
Nd7 15. Qg3 Bh5 16. Nd1 Bg6 17. Ne3 Nf6 18. Nf5 Bxf5 19. exf5 Nh5 20. Qf3 Nxf4
21. Qxf4 Bf6 22. Rad1 Rad8 23. c3 Rfe8 24. Rfe1 Be5 25. Qh4 d5 26. Bd3 Bf6 27.
Qg4 Re5 28. Re2 Rde8 29. Rde1 h6 30. Rxe5 Rxe5 31. Rxe5 Qxe5 32. Qe2 Qxe2 33.
Bxe2 1/2-1/2

[Event "82° Final Argentina Superior"]
[Site "Mendoza"]
[Date "2008.05.26"]
[Round "7"]
[White "Ricardi, Pablo"]
[Black "Flores, Diego"]
[Result "1/2-1/2"]
[WhiteElo "2515"]
[BlackElo "2548"]
[PlyCount "51"]
[EventDate "2008.05.20"]
[SourceDate "2008.05.20"]

1. e4 c5 2. Nf3 e6 3. d4 cxd4 4. Nxd4 Qb6 5. Nc3 Bc5 6. Na4 Qa5+ 7. c3 Bxd4 8.
Qxd4 Nf6 9. Nc5 Nc6 10. Qd6 b6 11. Nb3 Qe5 12. Qxe5 Nxe5 13. f3 d5 14. f4 Nc4
15. e5 Ne4 16. Bd3 f6 17. exf6 gxf6 18. O-O Bd7 19. Re1 Ncd6 20. c4 dxc4 21.
Bxc4 Nxc4 22. Rxe4 Nd6 23. Re1 Nf5 24. Be3 Ke7 25. Nd4 Nxd4 26. Bxd4 1/2-1/2

[Event "82° Final Argentina Superior"]
[Site "Mendoza"]
[Date "2008.05.26"]
[Round "7"]
[White "Alonso, Salvador"]
[Black "Real De Azua, Ernesto"]
[Result "1/2-1/2"]
[WhiteElo "2420"]
[BlackElo "2417"]
[PlyCount "40"]
[EventDate "2008.05.20"]
[SourceDate "2008.05.20"]

1. e4 c5 2. Nf3 d6 3. d4 cxd4 4. Nxd4 Nf6 5. Nc3 a6 6. Be2 e6 7. O-O Be7 8. f4
O-O 9. Be3 Nc6 10. Kh1 Qc7 11. Qe1 Nxd4 12. Bxd4 b5 13. a3 Bb7 14. Qg3 Rad8 15.
Rae1 Rfe8 16. Bf3 g6 17. f5 e5 18. Be3 Kh8 19. fxg6 fxg6 20. Bg5 Ng8 1/2-1/2

[Event "82° Final Argentina Superior"]
[Site "Mendoza"]
[Date "2008.05.26"]
[Round "7"]
[White "Liascovich, Lucas"]
[Black "Salguero, Francisco"]
[Result "1/2-1/2"]
[WhiteElo "2419"]
[BlackElo "2320"]
[PlyCount "40"]
[EventDate "2008.05.20"]
[SourceDate "2008.05.20"]

1. d4 Nf6 2. c4 g6 3. Nc3 Bg7 4. e4 d6 5. Be2 O-O 6. Nf3 e5 7. Be3 exd4 8. Nxd4
Re8 9. f3 c6 10. O-O d5 11. cxd5 Nxd5 12. Bf2 Nf4 13. Nb3 Qxd1 14. Bxd1 Nd7 15.
Rb1 Nb6 16. Bd4 Nc4 17. Bxg7 Kxg7 18. Be2 Be6 19. Bxc4 Bxc4 20. Rfd1 Bxb3
1/2-1/2

[Event "82° Final Argentina Superior"]
[Site "Mendoza"]
[Date "2008.05.27"]
[Round "8"]
[White "Lemos, Damian"]
[Black "Salguero, Francisco"]
[Result "1-0"]
[WhiteElo "2458"]
[BlackElo "2320"]
[PlyCount "107"]
[EventDate "2008.05.20"]
[SourceDate "2008.05.20"]

1. d4 Nf6 2. Nf3 g6 3. c4 Bg7 4. Nc3 O-O 5. Bg5 c5 6. d5 b5 7. cxb5 a6 8. e3 h6
9. Bh4 Qa5 10. Nd2 Qb4 11. Bxf6 Bxf6 12. Qc2 axb5 13. a3 Qa5 14. Nb3 Qb6 15.
Nxb5 d6 16. Bc4 Nd7 17. O-O Qb7 18. Nd2 Nb6 19. Bd3 Bd7 20. Nc3 Na4 21. Nc4
Rfb8 22. Ne4 Bg7 23. Rab1 Qxd5 24. b3 Nb6 25. Rfd1 Nxc4 26. Bxc4 Qe5 27. Rd5
Qe6 28. Rxd6 exd6 29. Bxe6 Bxe6 30. Nxd6 Rxa3 31. Qxc5 Rbxb3 32. Rf1 Rc3 33.
Qb6 Ra8 34. h3 Rc2 35. Rd1 Kh7 36. Qb7 Rd8 37. Qf3 Ra2 38. Qc6 Bf8 39. e4 Bg7
40. f4 Rda8 41. e5 R8a4 42. Qf3 R2a3 43. Qf2 Ra2 44. Rd2 Ra1+ 45. Kh2 Rb1 46.
Ne8 Raa1 47. Rd3 Rh1+ 48. Kg3 Rag1 49. Kh4 Bf5 50. Re3 Rf1 51. Qa2 Rxf4+ 52.
Kg3 Be6 53. Qb2 Rhf1 54. Rf3 1-0

[Event "82° Final Argentina Superior"]
[Site "Mendoza"]
[Date "2008.05.27"]
[Round "8"]
[White "Real De Azua, Ernesto"]
[Black "Liascovich, Lucas"]
[Result "0-1"]
[WhiteElo "2417"]
[BlackElo "2419"]
[PlyCount "74"]
[EventDate "2008.05.20"]
[SourceDate "2008.05.20"]

1. e4 d6 2. d4 Nf6 3. Nc3 g6 4. Be3 c6 5. h3 Bg7 6. f4 Qb6 7. Qd2 Qxb2 8. Rb1
Qa3 9. e5 Nd5 10. Nxd5 cxd5 11. Nf3 Nc6 12. Bd3 Qxa2 13. O-O Qa5 14. Qf2 Qc7
15. c4 dxc4 16. Bxc4 O-O 17. Rbc1 Qd8 18. g4 d5 19. Bd3 f5 20. exf6 Bxf6 21. f5
gxf5 22. gxf5 Qe8 23. Bh6 Bd7 24. Kh2 Qh5 25. Bxf8 Rxf8 26. Qg3+ Kh8 27. Ne5
Rg8 28. Ng4 Bxd4 29. Rce1 Bc5 30. Kg2 Bd6 31. Qf2 Rxg4+ 32. hxg4 Qxg4+ 33. Kh1
Qh3+ 34. Kg1 Qxd3 35. Re3 Qd4 36. Kh1 Bc5 37. f6 Qxe3 0-1

[Event "82° Final Argentina Superior"]
[Site "Mendoza"]
[Date "2008.05.27"]
[Round "8"]
[White "Flores, Diego"]
[Black "Alonso, Salvador"]
[Result "1-0"]
[WhiteElo "2548"]
[BlackElo "2420"]
[PlyCount "101"]
[EventDate "2008.05.20"]
[SourceDate "2008.05.20"]

1. c4 c6 2. Nf3 Nf6 3. Nc3 d5 4. d4 dxc4 5. a4 Bf5 6. e3 e6 7. Bxc4 Bb4 8. O-O
O-O 9. Nh4 Bg6 10. Nxg6 hxg6 11. Qf3 Nbd7 12. Rd1 Qa5 13. Bb3 Rad8 14. Bd2 Rfe8
15. Be1 Qh5 16. Qxh5 gxh5 17. a5 a6 18. Ra4 c5 19. f3 Nb8 20. Bh4 cxd4 21. exd4
Be7 22. Bg3 Nc6 23. Bc7 Rd7 24. Bb6 Bd8 25. d5 exd5 26. Nxd5 Nxd5 27. Rxd5
Bxb6+ 28. axb6 Rde7 29. Rxh5 Re1+ 30. Kf2 R1e2+ 31. Kg3 g6 32. Rh6 Rxb2 33.
Rah4 Ree2 34. Rh8+ Kg7 35. R4h7+ Kf6 36. Rxf7+ Ke5 37. Re8+ Kd6 38. Rxe2 Rxe2
39. Rxb7 Nd4 40. Ba4 Nf5+ 41. Kh3 Rb2 42. Rd7+ Ke6 43. b7 Rb4 44. g3 Nd6 45.
Bc6 a5 46. f4 a4 47. Bxa4 Rxb7 48. Rxb7 Nxb7 49. g4 Nd6 50. Bc2 Kf6 51. g5+ 1-0

[Event "82° Final Argentina Superior"]
[Site "Mendoza"]
[Date "2008.05.27"]
[Round "8"]
[White "Valerga, Diego"]
[Black "Ricardi, Pablo"]
[Result "1/2-1/2"]
[WhiteElo "2482"]
[BlackElo "2515"]
[PlyCount "48"]
[EventDate "2008.05.20"]
[SourceDate "2008.05.20"]

1. e4 c5 2. Nf3 d6 3. d4 cxd4 4. Nxd4 Nf6 5. Nc3 a6 6. a4 e5 7. Nf3 Be7 8. Bc4
Be6 9. Ba2 Nc6 10. O-O Rc8 11. Bg5 Nb4 12. Bxe6 fxe6 13. Qe2 O-O 14. Rfd1 Qe8
15. Rd2 Qg6 16. a5 Nc6 17. Ra4 Nd4 18. Nxd4 exd4 19. Bxf6 Bxf6 20. Nd1 Be5 21.
g3 Rf4 22. f3 Rf6 23. Kg2 Rcf8 24. Ra3 R6f7 1/2-1/2

[Event "82° Final Argentina Superior"]
[Site "Mendoza"]
[Date "2008.05.27"]
[Round "8"]
[White "Mahia, Gustavo"]
[Black "Felgaer, Ruben"]
[Result "0-1"]
[WhiteElo "2433"]
[BlackElo "2574"]
[PlyCount "68"]
[EventDate "2008.05.20"]
[SourceDate "2008.05.20"]

1. e4 c5 2. Nf3 e6 3. d4 cxd4 4. Nxd4 a6 5. Nc3 b5 6. Bd3 Qb6 7. Nf3 Qc7 8. O-O
Bb7 9. Re1 Be7 10. e5 f5 11. Bf4 Nh6 12. a4 b4 13. Nb1 Nf7 14. h4 h6 15. Nbd2
Nc6 16. Nc4 O-O 17. a5 g5 18. hxg5 hxg5 19. Bh2 g4 20. Nfd2 Nd4 21. Ne3 Ng5 22.
Nxg4 Qc6 23. Ne3 Rf7 24. f3 Rg7 25. Kf2 Rf8 26. Rg1 Ne4+ 27. Bxe4 fxe4 28. f4
Bh4+ 29. Kf1 Bg3 30. Bxg3 Rxg3 31. Kf2 Rxe3 32. Qg4+ Kf7 33. Kxe3 Nxc2+ 34. Ke2
Qb5+ 0-1

[Event "82° Final Argentina Superior"]
[Site "Mendoza"]
[Date "2008.05.27"]
[Round "8"]
[White "Peralta, Fernando"]
[Black "Luconi, Cristian"]
[Result "1-0"]
[WhiteElo "2546"]
[BlackElo "2306"]
[PlyCount "63"]
[EventDate "2008.05.20"]
[SourceDate "2008.05.20"]

1. d4 Nf6 2. c4 e6 3. Nc3 Bb4 4. e3 c5 5. Nge2 b6 6. a3 Ba5 7. Rb1 Na6 8. f3
Bb7 9. e4 d6 10. b4 cxb4 11. axb4 Nxb4 12. Rxb4 Bxb4 13. Qa4+ Qd7 14. Qxb4 O-O
15. Ba3 Rfd8 16. Ng3 h6 17. Be2 d5 18. cxd5 exd5 19. e5 Nh7 20. O-O Ng5 21. Bd3
g6 22. Nce2 Bc6 23. h4 Nh7 24. Qd2 Bb5 25. Bb1 h5 26. Qh6 Bxe2 27. Nxh5 f5 28.
e6 Qc7 29. e7 gxh5 30. Bxf5 Nf8 31. exf8=Q+ Rxf8 32. Be6+ 1-0

[Event "82° Final Argentina Superior"]
[Site "Mendoza"]
[Date "2008.05.28"]
[Round "9"]
[White "Luconi, Cristian"]
[Black "Lemos, Damian"]
[Result "0-1"]
[WhiteElo "2306"]
[BlackElo "2458"]
[PlyCount "198"]
[EventDate "2008.05.20"]
[SourceDate "2008.05.20"]

1. d4 Nf6 2. Nf3 g6 3. Bg5 Bg7 4. Nbd2 O-O 5. c3 d6 6. e4 c5 7. dxc5 dxc5 8.
Be2 Nc6 9. Qc2 Qc7 10. O-O h6 11. Be3 b6 12. h3 Nh5 13. Rfe1 Nf4 14. Bf1 g5 15.
a4 Bb7 16. Nc4 Rad8 17. Rad1 Ng6 18. Rxd8 Rxd8 19. Rd1 Rxd1 20. Qxd1 Nd8 21.
Nfd2 Ne6 22. f3 h5 23. Bf2 h4 24. Ne3 Nef4 25. Ng4 Nh5 26. Bc4 Bc8 27. Qb3 e6
28. Nf1 Ne5 29. Nxe5 Bxe5 30. Qd1 Qd6 31. Qxd6 Bxd6 32. Be3 Nf4 33. Kf2 Kf8 34.
Bd2 Ke7 35. Ne3 f6 36. Ng4 Ng6 37. Be3 Bf4 38. Bxf4 Nxf4 39. Ne3 Bd7 40. b3 Ng6
41. Ng4 f5 42. exf5 exf5 43. Ne3 Nf4 44. Nd5+ Nxd5 45. Bxd5 Kd6 46. Bc4 Ke5 47.
Ke3 Bc6 48. Bf1 Bb7 49. Be2 Bd5 50. Bd1 g4 51. f4+ Kf6 52. hxg4 fxg4 53. Bxg4
Bxg2 54. b4 a5 55. bxa5 bxa5 56. Bd7 Bd5 57. Kf2 Be6 58. Bc6 Bg4 59. Ke3 Bd1
60. Bd7 Bb3 61. Kf3 Bd1+ 62. Ke3 Ke7 63. Bb5 Kd6 64. Be8 Ke6 65. Bb5 h3 66. Kf2
h2 67. Kg2 Kf5 68. Kxh2 Kxf4 69. Kg2 Ke3 70. Kf1 Kd2 71. c4 Bb3 72. Kf2 Bd1 73.
Kf1 Bf3 74. Kf2 Be2 75. Ba6 Bd3 76. Bb5 Kc3 77. Ke1 Bxc4 78. Kd1 Bb3+ 79. Kc1
Kb4 80. Kb2 Bxa4 81. Be2 Be8 82. Bd3 Bf7 83. Be2 Bd5 84. Bd3 Bf3 85. Bf1 Bc6
86. Bd3 Bb5 87. Bf5 c4 88. Bg6 Ba4 89. Bf5 Be8 90. Bh7 Bf7 91. Bf5 Bd5 92. Bg6
c3+ 93. Kb1 Kc4 94. Ka1 Kd4 95. Bc2 Ke3 96. Bd1 Bc6 97. Kb1 Kd2 98. Bc2 Bb5 99.
Bb3 a4 0-1

[Event "82° Final Argentina Superior"]
[Site "Mendoza"]
[Date "2008.05.28"]
[Round "9"]
[White "Felgaer, Ruben"]
[Black "Peralta, Fernando"]
[Result "1-0"]
[WhiteElo "2574"]
[BlackElo "2546"]
[PlyCount "87"]
[EventDate "2008.05.20"]
[SourceDate "2008.05.20"]

1. e4 c6 2. d4 d5 3. e5 Bf5 4. Be3 e6 5. Nd2 Nd7 6. f4 h5 7. Be2 Qb6 8. Nb3 a5
9. a4 Bb4+ 10. c3 Be7 11. Nf3 Nh6 12. O-O Ng4 13. Bc1 Nh6 14. Be3 Ng4 15. Bc1
Nh6 16. h3 h4 17. Be3 Bg6 18. Nfd2 Qc7 19. Bf2 Nf5 20. Rc1 Rd8 21. Na1 Nb6 22.
b3 Nd7 23. Nc2 Qb6 24. Qe1 Bh5 25. Bg4 Bg6 26. c4 Qa6 27. cxd5 cxd5 28. Be2 Qb6
29. Bb5 O-O 30. Nf3 Nb8 31. Ne3 Rc8 32. Nxf5 Bxf5 33. Rxc8 Rxc8 34. Bxh4 Bxh4
35. Qxh4 Be4 36. Kh2 Nc6 37. Bxc6 Rxc6 38. Qe7 Rc8 39. Rc1 Rf8 40. Ng5 Bg6 41.
Rc7 Qxb3 42. Nxe6 Rb8 43. f5 Bh5 44. Qg5 1-0

[Event "82° Final Argentina Superior"]
[Site "Mendoza"]
[Date "2008.05.28"]
[Round "9"]
[White "Ricardi, Pablo"]
[Black "Mahia, Gustavo"]
[Result "1-0"]
[WhiteElo "2515"]
[BlackElo "2433"]
[PlyCount "87"]
[EventDate "2008.05.20"]
[SourceDate "2008.05.20"]

1. d4 Nf6 2. c4 e6 3. g3 c5 4. Nf3 cxd4 5. Nxd4 d5 6. Bg2 e5 7. Nf3 d4 8. O-O
Nc6 9. e3 Bc5 10. exd4 exd4 11. Re1+ Be6 12. Nbd2 O-O 13. Nb3 Bb4 14. Bd2 d3
15. Ne5 Bxd2 16. Nxc6 bxc6 17. Qxd2 Qd6 18. Na5 Rac8 19. Rad1 Rfd8 20. Re3 Bg4
21. Nb7 Qb8 22. Nxd8 Rxd8 23. Rxd3 Rxd3 24. Qxd3 Bxd1 25. Qxd1 c5 26. Qd2 h6
27. Bf3 g5 28. h3 Qe5 29. a3 Kg7 30. Kg2 h5 31. b4 cxb4 32. axb4 h4 33. gxh4
gxh4 34. c5 Ne8 35. Qd5 Kf6 36. Qd8+ Qe7 37. Qd4+ Kg6 38. b5 f5 39. b6 axb6 40.
cxb6 Qg5+ 41. Kh2 Qe7 42. b7 Qc7+ 43. Kg2 Nd6 44. Qa7 1-0

[Event "82° Final Argentina Superior"]
[Site "Mendoza"]
[Date "2008.05.28"]
[Round "9"]
[White "Alonso, Salvador"]
[Black "Valerga, Diego"]
[Result "1/2-1/2"]
[WhiteElo "2420"]
[BlackElo "2482"]
[PlyCount "113"]
[EventDate "2008.05.20"]
[SourceDate "2008.05.20"]

1. e4 c5 2. Nf3 e6 3. d4 cxd4 4. Nxd4 Nf6 5. Nc3 d6 6. g4 h6 7. g5 hxg5 8. Bxg5
Nc6 9. Qd2 Qb6 10. Nb3 Ne5 11. Be2 Rh3 12. O-O-O Nf3 13. Bxf3 Rxf3 14. Bh4 Rh3
15. Bg3 Bd7 16. Rhe1 Nh5 17. Kb1 O-O-O 18. a4 Nxg3 19. hxg3 Rh2 20. a5 Qa6 21.
Qf4 Be8 22. g4 Rh8 23. g5 g6 24. Qf6 Rg8 25. Nc5 Qc4 26. Nb3 Bg7 27. Qf3 Rf8
28. Qe3 Kb8 29. Rd3 Bc6 30. Nd4 Bd7 31. Red1 Qc5 32. Qg3 Qe5 33. Qxe5 Bxe5 34.
Nde2 Bc6 35. f4 Bxc3 36. Nxc3 Rh8 37. Rxd6 Rxd6 38. Rxd6 Rh1+ 39. Rd1 Rxd1+ 40.
Nxd1 Bxe4 41. Nc3 Bc6 42. Kc1 Kc7 43. Kd2 Kd6 44. Ke3 e5 45. Ne2 Ke6 46. fxe5
Kxe5 47. Nd4 Bd7 48. c4 f6 49. gxf6 Kxf6 50. b4 g5 51. b5 Ke5 52. Nf3+ Kd6 53.
Nxg5 Kc5 54. Kd3 Bxb5 55. Ne4+ Kb4 56. cxb5 Kxb5 57. Nd6+ 1/2-1/2

[Event "82° Final Argentina Superior"]
[Site "Mendoza"]
[Date "2008.05.28"]
[Round "9"]
[White "Liascovich, Lucas"]
[Black "Flores, Diego"]
[Result "0-1"]
[WhiteElo "2419"]
[BlackElo "2548"]
[PlyCount "100"]
[EventDate "2008.05.20"]
[SourceDate "2008.05.20"]

1. d4 Nf6 2. c4 g6 3. Nc3 Bg7 4. e4 O-O 5. Be2 d6 6. Nf3 c5 7. O-O Nc6 8. d5
Na5 9. h3 e5 10. a3 b6 11. b4 Nb7 12. Nd2 h5 13. Nb3 Nh7 14. Rb1 Qh4 15. Qe1 f5
16. f3 Qe7 17. exf5 Bxf5 18. Ne4 Bxe4 19. fxe4 Rxf1+ 20. Bxf1 Bf6 21. Be3 Bg5
22. Bf2 Rf8 23. Nd2 Bf4 24. Rb3 Nd8 25. g3 Bh6 26. Rf3 Nf7 27. h4 Kg7 28. Be3
Qd7 29. Kh2 Nf6 30. Bh3 Qa4 31. Kg2 cxb4 32. axb4 Qxb4 33. Be6 Bxe3 34. Qxe3
Qc5 35. Qxc5 dxc5 36. Ra3 Ra8 37. Bxf7 Kxf7 38. Nf3 Nd7 39. d6 Ke6 40. Rd3 Nf6
41. Ng5+ Kd7 42. Rf3 Rf8 43. Ra3 a5 44. Rb3 Kc6 45. Rd3 a4 46. Ne6 Re8 47. Nc7
Rd8 48. Nb5 Nxe4 49. Na7+ Kd7 50. Nb5 Rf8 0-1